00759nam a2200241 a 4500001001300000003000900013005001700022008004100039020001000080082001800090100002400108245008100132260004400213300000900257500003500266505001500301650002800316700002400344902000800368942000700376952011900383999001500502nice12345678IN_TiNIC20260116013001.0050524s1981 gena grp 000 0 eng  ac10000a220.9505bBEN aBent, Ans J Van Der aVoices of Unityb Essays in Honour of William Adolf Visser`t Hooft on the Oc aGenevabWorld Council of Churchesc1981 a101p aincludes index and biblioraphy2 aRoman Urdu aChristianity-Miscellany1 aBent, Ans J Van Der bSRS cBK 001040708StackRoom-aHMIbHMId2007-06-18g100.00l0o220.9505 BENp011654r2007-06-18v100.00w2005-05-24yBK c9162d9162